Statistics for Oceanic Airport Code Quiz

Click here to take the quiz!

General Stats

  • This quiz has been taken 292 times
  • The average score is 20 of 35

Answer Stats

HintAnswer% Correct
MELMelbourne
97%
SYDSydney
96%
PERPerth
95%
AKLAuckland
92%
WLGWellington
89%
ADLAdelaide
88%
BNEBrisbane
85%
CHCChristchurch
80%
CBRCanberra
77%
DRWDarwin
77%
SUVSuva
74%
CNSCairns
63%
APWApia
62%
GUMGuam
62%
POMPort Moresby
60%
VLIPort Vila
59%
HBAHobart
57%
PPTTahiti
56%
MAJMajuro
52%
TRWBonriki
51%
FUNFunafuti
50%
NANNadi
50%
OOLGoldcoast
49%
TBUTonga
49%
INUNauru
36%
RARRarotonga
35%
ZQNQueenstown
33%
HIAHoniara
31%
RORPalau
29%
IUENiue
28%
TKKChuuk
23%
PPGPago Pago
20%
BOBBora Bora
18%
NSNNelson
15%
WLSWallis Island Hihifo
14%

Score Distribution

Percentile by Number Answered

Percent of People with Each Score

Your Score History

You have not taken this quiz